MDQL
is popping MORE tags! Check the
thread
!
Quizzes
Events
Quiz Creation
Community
Videos
Private Events
Remove Ads
Sign In
Join for FREE
Feedback
Dark Mode
Quiz Categories
Sports
Geography
Music
Movies
Television
Just For Fun
Miscellaneous
History
Literature
Language
Science
Gaming
Entertainment
Religion
Holiday
For Kids
Quiz Lab
Recent
Popular Today
Quiz Kudos Today
Editor Picks
Curator Picks
Quizzes by...
Day
Popularity
Type
Ratings
Length
Year
Community
Subscriptions
Recent Discussions
Orange Saloon
Badges
Playlists
Quests
Create
Leaderboards
Showdown
Live 5
Trivia Bingo
Activity
Puzzle Library
Sporcle Events
Private Events
Virtual Trivia
Globe League
Become a Host
Pub Owners
SporcleCon
Opinionation
Our Games
Videos
Blog
Mobile Apps
Partnerships
Remove Ads and Go Orange
Feedback
Sports
Athletes
MLB
NBA
NHL
NFL
Soccer
Sports Teams
WWE
NCAA
Football
Premier League
Basketball
Baseball
Hockey
Golf
Tennis
Cricket
Rugby
Auto Racing
Olympics
World Cup
Sports
Athletes
MLB
NBA
NHL
NFL
Soccer
Sports Teams
WWE
NCAA
Football
Premier League
Basketball
Baseball
Hockey
Golf
Tennis
Cricket
Rugby
Auto Racing
Olympics
World Cup
Random Quiz
Search Sporcle
×
Quiz Lab
Quiz Lab
Sports
Football
Type in answers that appear in a list
Type in answers that appear in a list
Classic
Best Score? Go Orange.
Players that got Ireland to Euro 2012 Stats
Can you name the Irish players that appeared in at least one game in the Euro 2012 qualifiers?
By
happyhammer
7m
26 Questions
237 Plays
237 Plays
237 Plays
Comments
Comments
Give Quiz Kudos
Give Quiz Kudos
-
- Ratings
hide this ad
More Info
Replay
Link that replays current quiz
Next Quiz
Link to next quiz in quiz playlist
You Got
0%
They Got
Avg Score
70%
Avg Friend Score
Upgrade to see
Score Distribution
Jump to the score distribution portion of the page
Score
0/26
Timer
07:00
0
Plays Today
Current Club
Player
% Correct
LA Galaxy
Robbie Keane
99.2%
Aston Villa
Richard Dunne
93.7%
Spartak Moscow
Aiden McGeady
92%
Aston Villa
Shay Given
92%
Sunderland
John O' Shea
91.1%
Wolves
Kevin Doyle
89.5%
Fulham
Damien Duff
86.9%
Stoke City
Glenn Whelan
86.1%
West Bromwich Albion
Shane Long
78.5%
Stoke City
Jonathan Walters
74.7%
Manchester United
Darron Gibson
74.3%
Wolves
Stephen Hunt
72.2%
Leicester City
Seán St. Ledger
71.3%
Current Club
Player
% Correct
Ipswich Town
Keith Andrews
69.2%
Wolves
Stephen Ward
67.5%
Wigan Athletic
James McCarthy
66.7%
Fulham
Stephen Kelly
65.4%
West Bromwich Albion
Simon Cox
61.6%
Derby County (on loan from Hull)
Kevin Kilbane
59.5%
Sunderland
Kieran Westwood
56.1%
Birmingham City
Keith Fahey
54.9%
Derby County
Paul Green
54.4%
Portsmouth
Liam Lawrence
48.1%
Leeds (on loan from Wolves)
Andy Keogh
48.1%
Wolves
Kevin Foley
46.4%
Leeds United
Darren O' Dea
45.1%
Quiz Playlist
Details
Report
Send in Message
Add To Playlist
More Info:
I think I've gotten the number of appearances correct. Let me know if I haven't.
Classic:
Type in answers that appear in a list
Quiz Source
Last Updated: Feb 16, 2017
Quiz Scoreboard
CHALLENGE
Sign Up to Join the Scoreboard
Show All
Scores
Hide
Comments
May contain spoilers
Recently Published
Holiday 10x10 Sorting Gallery
by lukepisani3
Holiday
15m
Two Season TV Shows II
by 123Four
Television
10m
Image Sorting: Flags VI
by Barbecue
Geography
2m
More to Explore
Quiz From the Vault
Featured Blog Post
14 Easter Pick-up Lines to Find Eggs With
hide this ad
You Might Also Like...
Tags
Football Quiz
Soccer Quiz
Euro 2012
Ireland
Ireland Soccer
irish
Today's Top Quizzes in Sports
Browse Sports
hide this ad
Today's Top Quizzes in Football
Browse Football
Top Contributed Quizzes in Sports
1
Les meilleurs buteurs des matchs entre le PSG et l’OM
2
Les entraîneurs de l'OM et du PSG au 21e siècle
3
2022 World Cup Stars
4
Les joueurs passés par le PSG et l'OM
5
Players with Multiple 50 Home Run Seasons
6
FIFA Club World Cup Champions
7
Top 10 NHL Goal Scorers of All Time
8
Les joueurs passés par le LOSC et le RC Lens
9
Criteria MLB: Left Handed Sluggers
10
2023 MLB Unique Player Accomplishments
Explore More
Trending Topics
Crossword
Disney
Harry Potter
Marvel
Kpop
Anime
NBA
Puzzle
Pokémon
Song
The Office
Soccer
NFL
WWE
Country
hide this ad
More By:
happyhammer
Quiz
Plays
Rating
Category
Featured
Created
Foreign-Born Population: Ireland
152,159
4.33
Geography
Oct 22, 2009
Premier/Football League Clubs by Letter (2023-24)
16,765
4.21
Sports
Dec 30, 2009
Lucille Bluth or Malory Archer
7,592
4.89
Television
Mar 16, 2016
Irish 2002 World Cup Squad
3,795
4.46
Sports
Nov 9, 2009
African Cup of Nations 2015
2,906
4.40
Sports
Dec 13, 2014
Go to Creator's Profile
Score Distribution
Quiz Creator Spotlight
happyhammer
Follow
Send a Message
Quizzes Created
-
Created Quiz Play Count
-
More By This Creator
Popular Quizzes Today
1
Find the US States - No Outlines Minefield
2
Colored Red Africa Blitz
3
Find the 'City' Movie
4
The Countries of the World
5
Find the US States
6
5x2 Blitz: Bands
7
Find the Countries of Europe - No Outlines Minefield
8
US States
More Sports Quizzes
New York Jets Yearly Rushing Leaders
Quiz Lab
Trending Quizzes
Colored Red Europe Blitz I
Colored Red Europe Blitz II
Colored Red Africa Blitz II
Colored Red Europe Blitz III
Colored Red Africa Blitz III
Recently Updated
Odd Team Out - Big 4 Players
pecheneg
Quick Pick: 20 Twenties
pecheneg
March Madness Men's Triple Doubles
pecheneg
How Do You Spell That?
pecheneg
Godzilla Movies
pecheneg
Grab Bag: 4-10 Letters
pecheneg
2024 March Madness Bracket
pecheneg
Famous TV Couples
Peacemaker
Champions League XIs: Real Madrid
pecheneg
Largest US Cities 1790-2010
pecheneg
Trending Topics
NBA
Marvel
Harry Potter
Disney
Kpop
Anime
Crossword
Pokémon
The Office
WWE
Country
Puzzle
Soccer
NFL
Song
Your Account Isn't Verified!
In order to create a playlist on Sporcle, you need to verify the email address you used during registration. Go to your
Sporcle Settings
to finish the process.
Report this User
Report this user for behavior that violates our
Community Guidelines
.
Details:
Send Report
Go to the Sporcle.com Mobile Site →
Comments